000 00316nam a2200121Ia 4500
008 240731s9999 xx 000 0 und d
022 _a2164-3040
245 0 _aISH Journal of Hydraulic Engineering
260 _bTaylor & Francis
856 _uhttps://www.tandfonline.com/loi/tish20
942 _2ddc
942 _cTFEJ
999 _c76917
_d76917
945 _a1
_bMadushi Gamage
_c1
_dMadushi Gamage